Jakie dyscypliny sportowe oglądają Polacy najczęściej? - Statystyki

Ogólne statystyki
  • Ten quiz został rozwiązany 6 200 razy
  • Średni wynik to 6 z 9
Statystyki odpowiedzi
Sport Odpowiedź % Poprawnych
# Piłka nożna
100%
# Siatkówka
97%
# Skoki narciarskie
84%
# Piłka ręczna
82%
# Lekkoatletyka
58%
# Żużel
47%
# Formuła
35%
# Kolarstwo
30%
# Tenis ziemny
30%
Nie znaleziono quizów pasujących do podanych kryteriów
Rozkład punktacji
Procent ludzi z każdym wynikiem
Percentyl według liczby udzielonych odpowiedzi
Twoja historia wyników
Nie rozwiązałeś tego quizu